Development Disparities in A backward Region (A District Level Analysis)/ (Record no. 202879)

MARC details
000 -LEADER
fixed length control field 00645 a2200193 4500
005 - DATE AND TIME OF LATEST TRANSACTION
control field 20240516105848.0
010 ## - LCCN (DPL NO)
LC control number B-759054
020 ## - INTERNATIONAL STANDARD BOOK NUMBER
International Standard Book Number 8176480231
Terms of availability 500.00
035 ## - SYSTEM CONTROL NUMBER
System control number B-759054
037 ## - SOURCE OF ACQUISITION
Source of stock number/acquisition Gift/Unesco
082 ## - DEWEY DECIMAL CLASSIFICATION NUMBER
Classification number 338.91
100 ## - MAIN ENTRY--PERSONAL NAME
Personal name Meher, Rajkishor
245 ## - TITLE STATEMENT
Title Development Disparities in A backward Region (A District Level Analysis)/
Statement of responsibility, etc Rajkishore Meher
260 ## - PUBLICATION, DISTRIBUTION, ETC. (IMPRINT)
Place of publication, distribution, etc New Delhi
Name of publisher, distributor, etc A.P.H Publishing Corporation
Date of publication, distribution, etc 1999
270 ## - ADDRESS
Address 5, Ansari Road ,Darya Ganj
City New Delhi
Postal code 110002
300 ## - PHYSICAL DESCRIPTION
Extent 252 p.
Dimensions 23cm (Hb)
942 ## - ADDED ENTRY ELEMENTS (KOHA)
Institution code [OBSOLETE] dpl
Item type English Books
Source of classification or shelving scheme Dewey Decimal Classification
Classification part 338.91
Call number suffix MEH
Holdings
Withdrawn status Lost status Not for loan Collection code Home library Current library Date acquired Source of acquisition Cost, normal purchase price Full call number Barcode Copy number Cost, replacement price Koha item type Public note
      Non-fiction Ashok Vihar Ashok Vihar 15/05/2024 Gift/10.5.24 500.00 338.91 MEH B-759054 1 500.00 English Books Gift

© Delhi Public Library
Hit Counter
free hit counter